000 00809nam a2200229 u 4500
001 000273891
003 AM-YeHGA
005 20250618071813.0
008 031020s1938 ai r 000 0 arm d
040 _aAM-YeHGA
041 0 _aarm
090 _aՆ-40
100 1 _aՆար-Դոս,
_d1867-1933
_91453
245 1 0 _aՍաքուլն ուղտ գնաց :
_bԻնչպես բժշկեցին: [Պատմվածք] /
_cՆար-Դոս; Խմբ.՝ Սիրաս.
246 1 5 _aԻնչպես բժշկեցին
260 _aՅերևան :
_bՊետհրատ,
_c1938.
300 _a49 էջ ;
_c22 սմ.
440 0 _aՀակակրոնական գրադարան
650 1 4 _aՀայ գրականություն
_xՊատմվածք
700 1 _aՍիրաս, Հմայակ Սահակի,
_d1902-1983
_eխմբ.
_4edt
_91945
090 _c100852
999 _c99540
_d99540